Handbook of Signal Processing Systems /

שמור ב:
מידע ביבליוגרפי
מחברים אחרים: Bhattacharyya, Shuvra S. (autor) (autor)
פורמט: ספר
שפה:אנגלית
יצא לאור: Nueva York, EUA : Springer, 2013, c2013
מהדורה:2a edición
נושאים:
תגים: הוספת תג
אין תגיות, היה/י הראשונ/ה לתייג את הרשומה!

MARC

LEADER 00000nam^a2200000^a^4500
001 000350383
005 20250521000000.0
009 20260310114939.644
020 |a 978-1-4614-6858-5 
037 |a Acervo ITESO - Biblioteca 
041 |a ING 
082 |a 621. 3822  |b HAN 
245 0 0 |a Handbook of Signal Processing Systems /  |c S.S. Bhattacharyya... [et al.] ; pról. de S.Y. Kung. 
250 |a 2a edición 
264 4 |a Nueva York, EUA :  |b Springer,  |c 2013, c2013 
300 |a 2 v. (XXI, 1399 p.) 
336 |a texto  |b txt  |2 rdacontenido 
337 |a sin mediación  |b n  |2 rdamedio 
338 |a volumen  |b nc  |2 rdasoporte 
649 |a XX 
650 |a Procesamiento de Señales -  |x Técnicas Digitales 
650 |a Procesamiento de Señales -  |x Tema Principal 
650 |a Señales (Telecomunicaciones) 
650 |a Ingeniería Electrónica 
700 |a Bhattacharyya, Shuvra S.  |e (autor) 
910 |a Fondo General 
920 |a Impresos - Libros 
930 |a Colección General 
905 |a 101 
901 |a 0500240635  |b IT1  |c ACC  |i C145174  |u 20250521 
901 |a 0500240632  |b IT1  |c ACC  |i C145175  |u 20250521 
902 |a https://opac.biblio.iteso.mx/vufind/Record/000350383